Manufacturing technology (Record no. 4876)

MARC details
000 -LEADER
fixed length control field 00398nam a22001697a 4500
005 - DATE AND TIME OF LATEST TRANSACTION
control field 20160630111635.0
008 - FIXED-LENGTH DATA ELEMENTS--GENERAL INFORMATION
fixed length control field 160630b xxu||||| |||| 00| 0 eng d
020 ## - INTERNATIONAL STANDARD BOOK NUMBER
ISBN 978-1-25-906257-5
041 ## - LANGUAGE CODE
Language code of text/sound track or separate title eng
082 ## - DEWEY DECIMAL CLASSIFICATION NUMBER
Item number 19515
100 ## - MAIN ENTRY--AUTHOR NAME
Personal name Rao, P N
245 ## - TITLE STATEMENT
Title Manufacturing technology
260 ## - PUBLICATION, DISTRIBUTION, ETC. (IMPRINT)
Name of publisher Mc graw Hill
Year of publication 2014
300 ## - PHYSICAL DESCRIPTION
Number of Pages 503
650 ## - SUBJECT ADDED ENTRY--TOPICAL TERM
Topical Term Diploma Engineering
942 ## - ADDED ENTRY ELEMENTS (KOHA)
Koha item type Books
Holdings
Lost status Damaged status Home library Current library Shelving location Date acquired Cost, normal purchase price Full call number Accession Number Koha item type
    JRU Library   SHELF-42-L 30/06/2016 499.00 19515 19515 Books
    JRU Library   SHELF-42-L 30/06/2016 499.00 19515 19516 Books
    JRU Library   SHELF-42-L 30/06/2016 499.00 19515 19517 Books
    JRU Library   SHELF-42-L 30/06/2016 499.00 19515 19518 Books
    JRU Library   SHELF-42-L 30/06/2016 499.00 19515 19519 Books
    JRU Library   SHELF-42-L 30/06/2016 499.00 19515 19520 Books
    JRU Library   SHELF-42-L 30/06/2016 499.00 19515 19521 Books
    JRU Library   SHELF-42-L 30/06/2016 499.00 19515 19522 Books
    JRU Library   SHELF-42-L 30/06/2016 499.00 19515 19523 Books
    JRU Library   SHELF-42-L 30/06/2016 499.00 19515 19524 Books